[Event "Titled Tuesday intern op 12th Mar Late"]
[Site "Chess.com INT"]
[Date "2024.03.12"]
[Round "3"]
[White "Gong, Daniel Hanwen"]
[Black "Arslanov, Shamil"]
[Result "1-0"]
[WhiteElo "2260"]
[BlackElo "2410"]
[PlyCount "54"]
[EventDate "2024.03.12"]
[EventType "swiss (blitz)"]
[EventRounds "11"]
[EventCountry "USA"]
[SourceTitle "CB12_2024"]
[SourceDate "2023.10.01"]
[SourceVersion "1"]
[SourceVersionDate "2023.10.01"]
[SourceQuality "1"]

1. d4 e5 2. dxe5 d6 3. exd6 Bxd6 4. e4 Nc6 5. Nc3 Qe7 6. Bb5 Bd7 7. Nf3 0-0-0 8. Qe2 Nf6 9. Bg5 h6 10. Bxf6 Qxf6 11. 0-0-0 Rhe8 12. Rhe1 Kb8 13. Kb1 a6 14. Bxc6 Bxc6 15. Qc4 g5 16. e5 Bxe5 17. Rxd8+ Qxd8 18. Nxe5 Bxg2 19. Rd1 Qe7 20. Nxf7 Bf3 21. Rc1 Qf6 22. b4 Bh5 23. Qxc7+ Kxc7 24. Nd5+ Kb8 25. Nxf6 Bxf7 26. Nxe8 Bxe8 27. Re1 Bc6 1-0

[Event "Titled Tuesday intern op 12th Mar Late"]
[Site "Chess.com INT"]
[Date "2024.03.12"]
[Round "8"]
[White "Gong, Daniel Hanwen"]
[Black "Banerjee, Supratit"]
[Result "0-1"]
[WhiteElo "2260"]
[BlackElo "2025"]
[PlyCount "102"]
[EventDate "2024.03.12"]
[EventType "swiss (blitz)"]
[EventRounds "11"]
[EventCountry "USA"]
[SourceTitle "CB12_2024"]
[SourceDate "2023.10.01"]
[SourceVersion "1"]
[SourceVersionDate "2023.10.01"]
[SourceQuality "1"]

1. d4 d5 2. Bf4 Nf6 3. e3 e6 4. Nf3 Bd6 5. Bg3 0-0 6. Bd3 b6 7. Qe2 Bb7 8. Nbd2 Ne4 9. Ne5 Nd7 10. Nef3 f5 11. c4 Qe7 12. a3 a5 13. Bxd6 Qxd6 14. cxd5 exd5 15. Rc1 c6 16. 0-0 Rae8 17. Ba6 Ba8 18. Nxe4 fxe4 19. Nd2 b5 20. a4 b4 21. Nb3 Rf6 22. Nxa5 Rh6 23. g3 Qe6 24. Bb7 Bxb7 25. Nxb7 Nf6 26. f4 exf3 27. Rxf3 Ng4 28. Nc5 Qg6 29. Rcf1 Rxh2 30. Qxh2 Nxh2 31. Kxh2 h6 32. a5 Qc2+ 33. R1f2 Qc1 34. a6 Qa1 35. b3 Re7 36. Kg2 Qe1 37. Nd3 Qa1 38. Nc5 Ra7 39. Rf8+ Kh7 40. R8f7 Rxa6 41. Nxa6 Qxa6 42. Rc7 Kg8 43. Kh3 Qa1 44. Kg2 Qe1 45. Rxc6 Qxe3 46. Rc8+ Kh7 47. Rd8 Qxd4 48. Rd7 Kg8 49. Rff7 Qe4+ 50. Kh3 Qe6+ 51. Kg2 Qxf7 0-1

[Event "Titled Tuesday intern op 12th Mar Late"]
[Site "Chess.com INT"]
[Date "2024.03.12"]
[Round "10"]
[White "Gong, Daniel Hanwen"]
[Black "Banzea, Alexandru Bogdan"]
[Result "1-0"]
[WhiteElo "2260"]
[BlackElo "2394"]
[PlyCount "45"]
[EventDate "2024.03.12"]
[EventType "swiss (blitz)"]
[EventRounds "11"]
[EventCountry "USA"]
[SourceTitle "CB12_2024"]
[SourceDate "2023.10.01"]
[SourceVersion "1"]
[SourceVersionDate "2023.10.01"]
[SourceQuality "1"]

1. d4 Nf6 2. Bf4 g6 3. Nc3 d5 4. e3 Bg7 5. h4 0-0 6. h5 c5 7. hxg6 fxg6 8. dxc5 Nc6 9. Nf3 Qa5 10. Qd2 Qxc5 11. Bc7 Ne4 12. Qxd5+ Qxd5 13. Nxd5 Bxb2 14. Rb1 Bg7 15. Bc4 e6 16. Nf4 Bc3+ 17. Ke2 Bf6 18. Nxe6 Bxe6 19. Bxe6+ Kh8 20. Rxb7 Nc3+ 21. Kf1 a5 22. Bxa5 Ra7 23. Rhxh7# 1-0

[Event "Titled Tuesday intern op 12th Mar Late"]
[Site "Chess.com INT"]
[Date "2024.03.12"]
[Round "2"]
[White "Gong, Daniel Hanwen"]
[Black "Cervantes Landeiro, Thalia"]
[Result "1-0"]
[WhiteElo "2260"]
[BlackElo "2219"]
[PlyCount "85"]
[EventDate "2024.03.12"]
[EventType "swiss (blitz)"]
[EventRounds "11"]
[EventCountry "USA"]
[SourceTitle "CB12_2024"]
[SourceDate "2023.10.01"]
[SourceVersion "1"]
[SourceVersionDate "2023.10.01"]
[SourceQuality "1"]

1. d4 Nf6 2. Bf4 g6 3. Nc3 d5 4. e3 Bg7 5. h4 0-0 6. h5 gxh5 7. Be2 Bg4 8. f3 Bf5 9. g4 Bg6 10. Be5 Nbd7 11. g5 Ne8 12. Bxg7 Nxg7 13. f4 e6 14. Nf3 c5 15. Ne5 Nxe5 16. dxe5 d4 17. exd4 Qxd4 18. Qxd4 cxd4 19. Nb5 Rfd8 20. 0-0-0 Rac8 21. Bd3 a6 22. Nd6 Rc7 23. Be4 b5 24. Rxd4 Nf5 25. Bxf5 exf5 26. a4 Rb8 27. axb5 axb5 28. Rb4 Ra7 29. Kd2 Ra4 30. Rxa4 bxa4 31. Kc3 h6 32. gxh6 Kh7 33. b3 axb3 34. cxb3 Kxh6 35. b4 Rb6 36. Kc4 f6 37. Kc5 Rb8 38. exf6 Be8 39. f7 Bd7 40. Ne8 Rxe8 41. fxe8Q Bxe8 42. b5 Bxb5 43. Kxb5 1-0

[Event "Titled Tuesday intern op 12th Mar Late"]
[Site "Chess.com INT"]
[Date "2024.03.12"]
[Round "7"]
[White "Pham, Le Thao Nguyen"]
[Black "Gong, Daniel Hanwen"]
[Result "1-0"]
[WhiteElo "2395"]
[BlackElo "2260"]
[PlyCount "43"]
[EventDate "2024.03.12"]
[EventType "swiss (blitz)"]
[EventRounds "11"]
[EventCountry "USA"]
[SourceTitle "CB12_2024"]
[SourceDate "2023.10.01"]
[SourceVersion "1"]
[SourceVersionDate "2023.10.01"]
[SourceQuality "1"]

1. d4 Nf6 2. Nf3 g6 3. Bf4 d5 4. e3 Bg7 5. h3 c5 6. c3 Nc6 7. Nbd2 0-0 8. dxc5 a5 9. a4 Nd7 10. Nb3 e5 11. Bg5 f6 12. Qxd5+ Kh8 13. Bh4 Ne7 14. Qc4 Nf5 15. Rd1 Qc7 16. e4 Nxh4 17. Nxh4 Re8 18. Qf7 Rf8 19. Qe7 f5 20. Nf3 fxe4 21. Ng5 h6 22. Ne6 1-0

[Event "Titled Tuesday intern op 23rd Jan Late"]
[Site "Chess.com INT"]
[Date "2024.01.23"]
[Round "1"]
[White "Koellner, Ruben Gideon"]
[Black "Gong, Daniel Hanwen"]
[Result "1-0"]
[WhiteElo "2482"]
[BlackElo "2319"]
[PlyCount "139"]
[EventDate "2024.01.23"]
[EventType "swiss (blitz)"]
[EventRounds "11"]
[EventCountry "USA"]
[SourceTitle "CB05_2024"]
[SourceDate "2024.01.31"]
[SourceVersion "1"]
[SourceVersionDate "2024.01.31"]
[SourceQuality "1"]

1. d4 Nf6 2. Nf3 g6 3. Nbd2 Bg7 4. e4 d6 5. Bc4 0-0 6. 0-0 c6 7. Bb3 a5 8. a4 Nbd7 9. e5 dxe5 10. dxe5 Nd5 11. e6 fxe6 12. Ne4 N7f6 13. Qe2 Nxe4 14. Qxe4 e5 15. Nxe5 Bf5 16. Qe2 Kh8 17. Re1 Qd6 18. Nc4 Qf6 19. Bd2 Rae8 20. Ne5 b6 21. h3 Bc8 22. Rad1 Bb7 23. Nd7 Qxb2 24. Nxf8 Rxf8 25. Bxd5 cxd5 26. Qxe7 Bc6 27. Rb1 Qxc2 28. Be3 Qf5 29. Rxb6 Bxa4 30. Rb7 Qf6 31. Qxf6 Bxf6 32. Bh6 Rd8 33. Re6 Bc3 34. Rd6 Re8 35. g3 d4 36. Bg7+ Kg8 37. Bxd4 Bxd4 38. Rxd4 Bc6 39. Rb1 a4 40. Rbd1 a3 41. Rd8 a2 42. Rxe8+ Bxe8 43. Kf1 Bb5+ 44. Ke1 Bd3 45. Ra1 Bc4 46. Kd2 Kf7 47. Kc3 Bd5 48. Kb2 Be6 49. Rxa2 Bxh3 50. Kc3 Kf6 51. Ra5 Bf5 52. Kd4 Kg5 53. f3 h5 54. Ke3 Kf6 55. Kf4 g5+ 56. Ke3 h4 57. gxh4 gxh4 58. Kf4 Be6 59. Rh5 h3 60. Rh6+ Ke7 61. Ke5 Bc8 62. f4 Kf7 63. f5 Kg7 64. Rxh3 Kf7 65. Rc3 Ba6 66. Rc7+ Kf8 67. Kf6 Ke8 68. Kg7 Kd8 69. Ra7 Bc4 70. f6 1-0

[Event "Titled Tuesday intern op 23rd Jan Late"]
[Site "Chess.com INT"]
[Date "2024.01.23"]
[Round "5"]
[White "Mendes, Aaron Reeve"]
[Black "Gong, Daniel Hanwen"]
[Result "1-0"]
[WhiteElo "2309"]
[BlackElo "2319"]
[PlyCount "89"]
[EventDate "2024.01.23"]
[EventType "swiss (blitz)"]
[EventRounds "11"]
[EventCountry "USA"]
[SourceTitle "CB05_2024"]
[SourceDate "2024.01.31"]
[SourceVersion "1"]
[SourceVersionDate "2024.01.31"]
[SourceQuality "1"]

1. e4 c5 2. Nf3 g6 3. d4 cxd4 4. Qxd4 Nf6 5. e5 Nc6 6. Qa4 Nd5 7. Qh4 d6 8. Bc4 dxe5 9. 0-0 e6 10. Bg5 Be7 11. Qh6 Nb6 12. Bb3 Bd7 13. Nc3 Bxg5 14. Nxg5 Qe7 15. Qg7 0-0-0 16. Nce4 f5 17. Qxe7 Nxe7 18. Nd6+ Kc7 19. Ndf7 Ned5 20. Nxh8 Rxh8 21. Nf7 Rc8 22. Nxe5 Bb5 23. c4 Kd6 24. Nf7+ Ke7 25. cxd5 Bxf1 26. Kxf1 Kxf7 27. dxe6+ Ke7 28. Rd1 Rc6 29. Rd4 a5 30. a4 Rc1+ 31. Ke2 Rb1 32. Rd2 Rc1 33. h4 Nc4 34. Rd7+ Kxe6 35. Rd4 Ke5 36. Rxc4 Rb1 37. Rc5+ Kf4 38. g3+ Ke4 39. Bc2+ Kd4 40. Bxb1 Kxc5 41. Bc2 Kb4 42. f3 b5 43. axb5 Kxb5 44. Ke3 Kc4 45. g4 1-0

[Event "Titled Tuesday intern op 23rd Jan Late"]
[Site "Chess.com INT"]
[Date "2024.01.23"]
[Round "8"]
[White "Novikova, Margarita"]
[Black "Gong, Daniel Hanwen"]
[Result "0-1"]
[WhiteElo "1999"]
[BlackElo "2319"]
[PlyCount "66"]
[EventDate "2024.01.23"]
[EventType "swiss (blitz)"]
[EventRounds "11"]
[EventCountry "USA"]
[SourceTitle "CB05_2024"]
[SourceDate "2024.01.31"]
[SourceVersion "1"]
[SourceVersionDate "2024.01.31"]
[SourceQuality "1"]

1. e4 c5 2. Nc3 a6 3. d3 b5 4. g3 Bb7 5. Bg2 e6 6. Be3 Nf6 7. Nge2 d5 8. exd5 Nxd5 9. Nxd5 Bxd5 10. f3 Be7 11. Nf4 Bc6 12. 0-0 0-0 13. Qd2 Nd7 14. c3 Nb6 15. b3 e5 16. Nh3 Ra7 17. Rad1 Rd7 18. Qe2 Nd5 19. Bd2 Bf6 20. Nf2 g6 21. Ne4 Be7 22. Be1 f5 23. Nf2 Bg5 24. h4 Bh6 25. Kh2 Ne3 26. Bd2 Nxf1+ 27. Rxf1 Bxd2 28. Qxd2 c4 29. Qe2 cxd3 30. Nxd3 Rxd3 31. Qxe5 Qf6 32. Qxf6 Rxf6 33. Rc1 Bxf3 0-1

[Event "NZL-ch op 131st"]
[Site "Palmerston North"]
[Date "2024.01.09"]
[Round "8.6"]
[White "Gong, Daniel Hanwen"]
[Black "Van Meter, Lester"]
[Result "1-0"]
[WhiteElo "2319"]
[BlackElo "1810"]
[PlyCount "51"]
[EventDate "2024.01.02"]
[EventType "swiss"]
[EventRounds "9"]
[EventCountry "NZL"]
[SourceTitle "CB03_2024"]
[SourceDate "2024.01.17"]
[SourceVersion "1"]
[SourceVersionDate "2024.01.17"]
[SourceQuality "1"]

1. d4 c5 2. d5 Nf6 3. Nc3 g6 4. e4 d6 5. f4 Bg7 6. Bb5+ Nfd7 7. a4 0-0 8. Nf3 Na6 9. 0-0 Nb4 10. Ne2 Nb6 11. a5 Bd7 12. Bxd7 Nxd7 13. c3 Na6 14. f5 c4 15. Qe1 Nac5 16. Qh4 Nf6 17. Ng3 b5 18. Bh6 Bxh6 19. Qxh6 Ng4 20. Qh4 Nf6 21. Ng5 h5 22. Ne2 Nh7 23. Nxh7 Kxh7 24. g4 e5 25. f6 Qd7 26. Rf5 1-0

[Event "NZL-ch op-A 130th"]
[Site "Wellington"]
[Date "2023.01.07"]
[Round "6"]
[White "Smith, Robert Wayne"]
[Black "Gong, Daniel Hanwen"]
[Result "0-1"]
[WhiteElo "2130"]
[BlackElo "2327"]
[PlyCount "78"]
[EventDate "2023.01.02"]
[EventType "swiss"]
[EventRounds "9"]
[EventCountry "NZL"]
[SourceTitle "CBM 212 Extra"]
[Source "ChessBase"]
[SourceDate "2023.03.31"]
[SourceVersion "1"]
[SourceVersionDate "2023.03.31"]
[SourceQuality "1"]

1. e4 c5 2. d4 e6 3. d5 Nf6 4. Nc3 d6 5. Nf3 exd5 6. exd5 a6 7. a4 Bg4 8. Be2 Be7 9. 0-0 0-0 10. h3 Bxf3 11. Bxf3 Nbd7 12. Bf4 Ne8 13. Re1 Nc7 14. Qd3 Re8 15. Ne4 Nf6 16. Nxc5 dxc5 17. d6 Ne6 18. Bg3 Bf8 19. Bxb7 Ra7 20. Bxa6 Qa5 21. Bb5 Rd8 22. c3 Qb6 23. Rad1 Ne8 24. d7 Nf6 25. Bh4 Be7 26. Bxf6 Bxf6 27. b4 g6 28. Qc4 Kg7 29. Rxe6 Qxe6 30. Qxc5 Rb7 31. c4 Rbxd7 32. Bxd7 Rxd7 33. Rxd7 Qxd7 34. Qd5 Qxa4 35. b5 Qa1+ 36. Kh2 Be5+ 37. g3 Qb2 38. Kg2 Bd4 39. Qf3 Qc2 0-1

[Event "NZL-ch op-A 130th"]
[Site "Wellington"]
[Date "2023.01.06"]
[Round "5"]
[White "Gong, Daniel Hanwen"]
[Black "Rains, Edward"]
[Result "1-0"]
[WhiteElo "2327"]
[BlackElo "1977"]
[PlyCount "59"]
[EventDate "2023.01.02"]
[EventType "swiss"]
[EventRounds "9"]
[EventCountry "NZL"]
[SourceTitle "CBM 212 Extra"]
[Source "ChessBase"]
[SourceDate "2023.03.31"]
[SourceVersion "1"]
[SourceVersionDate "2023.03.31"]
[SourceQuality "1"]

1. e4 d6 2. d4 Nf6 3. Nc3 Nbd7 4. f4 e5 5. Nf3 exd4 6. Qxd4 c6 7. Bd2 d5 8. 0-0-0 Bc5 9. Qd3 Ng4 10. exd5 Nf2 11. Re1+ Kf8 12. Qc4 Nxh1 13. dxc6 bxc6 14. Ng5 Qf6 15. Nce4 Qf5 16. Nxc5 Qd5 17. Qxd5 cxd5 18. Bb5 Nf6 19. Rxh1 Rb8 20. Bd3 h6 21. Nf3 Nd7 22. Nxd7+ Bxd7 23. Ne5 Be8 24. Be3 Ke7 25. Bxa7 Ra8 26. Bc5+ Kd8 27. a3 g5 28. f5 f6 29. Ng4 Rc8 30. b4 1-0

[Event "NZL-ch U18 op"]
[Site "Wellington"]
[Date "2023.01.05"]
[Round "3"]
[White "Barnett Harris, Lucas"]
[Black "Gong, Daniel Hanwen"]
[Result "0-1"]
[WhiteElo "1769"]
[BlackElo "2388"]
[PlyCount "66"]
[EventDate "2023.01.02"]
[EventType "swiss"]
[EventRounds "7"]
[EventCountry "NZL"]
[SourceTitle "CBM 212 Extra"]
[Source "ChessBase"]
[SourceDate "2023.03.31"]
[SourceVersion "1"]
[SourceVersionDate "2023.03.31"]
[SourceQuality "1"]

1. d4 d6 2. c4 e5 3. d5 f5 4. Nc3 Be7 5. g3 a5 6. e4 Na6 7. Bg2 Nc5 8. Be3 Nxe4 9. Nxe4 fxe4 10. Bxe4 Nf6 11. Bg2 Ng4 12. Bd2 0-0 13. f3 Nf6 14. Ne2 c6 15. Nc3 cxd5 16. cxd5 a4 17. b3 b5 18. 0-0 Qb6+ 19. Kh1 a3 20. f4 b4 21. fxe5 bxc3 22. exf6 Bxf6 23. Rxf6 Rxf6 24. Bxc3 Rf7 25. Bd2 Bf5 26. Rc1 Re8 27. Bf4 Qb4 28. Bd2 Qd4 29. Bc3 Qf2 30. Qg1 Qxa2 31. Rf1 Re2 32. h3 Rxg2 33. Qxg2 Be4 0-1

[Event "NZL-ch U18 op"]
[Site "Wellington"]
[Date "2023.01.03"]
[Round "1"]
[White "Li, Bill"]
[Black "Gong, Daniel Hanwen"]
[Result "0-1"]
[WhiteElo "1384"]
[BlackElo "2388"]
[PlyCount "58"]
[EventDate "2023.01.02"]
[EventType "swiss"]
[EventRounds "7"]
[EventCountry "NZL"]
[SourceTitle "CBM 212 Extra"]
[Source "ChessBase"]
[SourceDate "2023.03.31"]
[SourceVersion "1"]
[SourceVersionDate "2023.03.31"]
[SourceQuality "1"]

1. d4 c5 2. d5 e6 3. c4 Nf6 4. Nc3 exd5 5. cxd5 Bd6 6. Nf3 0-0 7. e3 Bc7 8. Bc4 d6 9. 0-0 Ba5 10. Re1 a6 11. a4 Re8 12. Qc2 Bg4 13. Nd2 Nbd7 14. e4 Nb6 15. f3 Bd7 16. b3 Bxc3 17. Qxc3 Nfxd5 18. Bxd5 Nxd5 19. Qc2 Nb4 20. Qc3 f6 21. Nc4 Be6 22. Rd1 Bxc4 23. Qxc4+ Kh8 24. Bf4 Qa5 25. Bxd6 b6 26. Bg3 Rac8 27. Be1 h6 28. Rd7 b5 29. axb5 Qxa1 0-1

[Event "NZL-ch op-A 130th"]
[Site "Wellington"]
[Date "2023.01.02"]
[Round "1"]
[White "Gong, Daniel Hanwen"]
[Black "Van der Hoorn, Thomas"]
[Result "1-0"]
[WhiteElo "2327"]
[BlackElo "1898"]
[PlyCount "63"]
[EventDate "2023.01.02"]
[EventType "swiss"]
[EventRounds "9"]
[EventCountry "NZL"]
[SourceTitle "CBM 212 Extra"]
[Source "ChessBase"]
[SourceDate "2023.03.31"]
[SourceVersion "1"]
[SourceVersionDate "2023.03.31"]
[SourceQuality "1"]

1. e4 e5 2. Nf3 Nc6 3. Bb5 a6 4. Ba4 Nf6 5. 0-0 Be7 6. Re1 b5 7. Bb3 0-0 8. a4 Bb7 9. d3 d6 10. c3 Na5 11. Bc2 c5 12. d4 cxd4 13. cxd4 Qc7 14. Nbd2 Rac8 15. Bb1 Rfe8 16. axb5 axb5 17. Bd3 Bc6 18. b4 Nc4 19. Nxc4 bxc4 20. Bxc4 Bxe4 21. Bxf7+ Kxf7 22. Ng5+ Kg8 23. Nxe4 Nxe4 24. Rxe4 exd4 25. Bb2 d5 26. Qxd4 Bf8 27. Qxd5+ Kh8 28. Rxe8 Rxe8 29. b5 Qa5 30. g3 Qb4 31. Bd4 Qe7 32. Ra8 1-0

[Event "Olympiad-44"]
[Site "Chennai"]
[Date "2022.07.30"]
[Round "2.1"]
[White "Gong, Daniel Hanwen"]
[Black "Priasmoro, Novendra"]
[Result "1/2-1/2"]
[WhiteElo "2296"]
[BlackElo "2494"]
[PlyCount "65"]
[EventDate "2022.07.29"]
[EventType "team-swiss"]
[EventRounds "11"]
[EventCountry "IND"]
[SourceTitle "CBM 210"]
[Source "ChessBase"]
[SourceDate "2022.10.31"]
[SourceVersion "1"]
[SourceVersionDate "2022.10.31"]
[SourceQuality "1"]
[WhiteTeam "New Zealand"]
[BlackTeam "Indonesia"]
[WhiteTeamCountry "NZL"]
[BlackTeamCountry "INA"]

1. d4 Nf6 2. Bf4 g6 3. Nc3 d5 4. e3 Bg7 5. h4 c5 6. Nb5 Na6 7. c3 0-0 8. Be2 Qb6 9. a4 c4 10. Nf3 Bd7 11. b3 Bxb5 12. axb5 Qxb5 13. bxc4 dxc4 14. Qa4 Qxa4 15. Rxa4 Nd5 16. Kd2 Rfd8 17. Kc2 Nxf4 18. exf4 Nc7 19. Rha1 a6 20. Rxc4 Nd5 21. g3 e6 22. Ne5 b5 23. Rc6 b4 24. Bf3 Nxc3 25. Rxc3 bxc3 26. Bxa8 Rxa8 27. Kxc3 a5 28. Ra4 Bf8 29. Nc6 Rc8 30. Rc4 Ra8 31. Ra4 Rc8 32. Rc4 Ra8 33. Ra4 1/2-1/2

[Event "NZL-ch op 129th"]
[Site "Christchurch"]
[Date "2022.01.08"]
[Round "7"]
[White "Gong, Daniel Hanwen"]
[Black "McNabb, Matthew David"]
[Result "1/2-1/2"]
[WhiteElo "2269"]
[BlackElo "2029"]
[PlyCount "50"]
[EventDate "2022.01.02"]
[EventType "swiss"]
[EventRounds "9"]
[EventCountry "NZL"]
[SourceTitle "EXT 2023"]
[Source "ChessBase"]
[SourceDate "2022.10.05"]
[SourceVersion "1"]
[SourceVersionDate "2022.10.05"]
[SourceQuality "1"]

1. e4 e5 2. Nf3 Nf6 3. Nxe5 d6 4. Nf3 Nxe4 5. Nc3 Nxc3 6. dxc3 Be7 7. Be3 0-0 8. Qd2 Nd7 9. 0-0-0 Re8 10. h4 h6 11. g4 Nc5 12. g5 Bg4 13. Be2 h5 14. Ng1 Qc8 15. Bxg4 Qxg4 16. f3 Qf5 17. Ne2 Qe6 18. b3 Nxb3+ 19. cxb3 Bf8 20. Nf4 Qxe3 21. Rhf1 c6 22. Nxh5 d5 23. Ng3 g6 24. Rde1 Qxd2+ 25. Kxd2 Bd6 1/2-1/2

[Event "NZL-ch op 129th"]
[Site "Christchurch"]
[Date "2022.01.07"]
[Round "6"]
[White "Croad, Nicholas"]
[Black "Gong, Daniel Hanwen"]
[Result "0-1"]
[WhiteElo "2289"]
[BlackElo "2269"]
[PlyCount "202"]
[EventDate "2022.01.02"]
[EventType "swiss"]
[EventRounds "9"]
[EventCountry "NZL"]
[SourceTitle "EXT 2023"]
[Source "ChessBase"]
[SourceDate "2022.10.05"]
[SourceVersion "1"]
[SourceVersionDate "2022.10.05"]
[SourceQuality "1"]

1. d4 Nf6 2. c4 e6 3. Nc3 Bb4 4. Qc2 0-0 5. a3 Bxc3+ 6. Qxc3 b6 7. Bg5 Bb7 8. f3 h6 9. Bh4 d5 10. e3 c5 11. dxc5 Nbd7 12. cxd5 g5 13. Bf2 Nxd5 14. Qd2 Nxc5 15. Bc4 b5 16. Ba2 Nb6 17. Rd1 Qf6 18. Qd4 Qxd4 19. exd4 Nca4 20. Rd2 Rac8 21. Ne2 Bd5 22. Bxd5 Nxd5 23. 0-0 Rc6 24. Rc1 Rxc1+ 25. Nxc1 Rc8 26. Nb3 Ndb6 27. Nc5 Nc4 28. Rd1 Naxb2 29. Rb1 a6 30. h4 gxh4 31. Nxa6 Ra8 32. Nc7 Rxa3 33. Nxb5 Rb3 34. Na7 h3 35. Nc6 hxg2 36. Kxg2 Nd2 37. Rh1 Rxf3 38. Be1 Nd3 39. Bxd2 Rf2+ 40. Kg3 Rxd2 41. Rxh6 Ne1 42. Rh1 Nc2 43. Rh4 Ne3 44. Re4 Nd5 45. Kf3 Rd3+ 46. Kf2 Rc3 47. Ne5 Kf8 48. Rh4 Kg7 49. Ke2 f6 50. Nd3 Kg6 51. Kd2 Ra3 52. Nc5 Kf5 53. Rh5+ Kg4 54. Rh8 Ra2+ 55. Kd3 Nf4+ 56. Kc3 Kf5 57. Rf8 Ra1 58. Re8 Re1 59. Kd2 Re2+ 60. Kc3 Kg4 61. Kc4 Kf5 62. Kc3 Kg6 63. Rg8+ Kf7 64. Rh8 f5 65. Ra8 Nd5+ 66. Kd3 Re3+ 67. Kd2 f4 68. Ra7+ Kg6 69. Ra8 Nf6 70. Ra6 Kf5 71. Ra8 Ne4+ 72. Kd1 Nxc5 73. dxc5 Ke5 74. c6 Kd6 75. Rf8 Re4 76. Rc8 Rc4 77. Ke2 Rxc6 78. Rf8 Ke5 79. Ra8 Rc4 80. Kf3 Rc3+ 81. Ke2 Kd4 82. Ra4+ Rc4 83. Ra6 e5 84. Kf3 Rc3+ 85. Kg4 Ke3 86. Rh6 e4 87. Rh1 Rc2 88. Re1+ Re2 89. Ra1 f3 90. Kg3 Rg2+ 91. Kh3 Rg8 92. Kh2 f2 93. Ra3+ Kf4 94. Ra7 Kf3 95. Rf7+ Ke2 96. Rf4 e3 97. Re4 Kf3 98. Rh4 e2 99. Rh3+ Kf4 100. Rh4+ Rg4 101. Rh8 e1Q 0-1

[Event "NZL-ch op 129th"]
[Site "Christchurch"]
[Date "2022.01.05"]
[Round "4"]
[White "Dive, Russell John"]
[Black "Gong, Daniel Hanwen"]
[Result "0-1"]
[WhiteElo "2265"]
[BlackElo "2269"]
[PlyCount "152"]
[EventDate "2022.01.02"]
[EventType "swiss"]
[EventRounds "9"]
[EventCountry "NZL"]
[SourceTitle "EXT 2023"]
[Source "ChessBase"]
[SourceDate "2022.10.05"]
[SourceVersion "1"]
[SourceVersionDate "2022.10.05"]
[SourceQuality "1"]

1. Nf3 Nf6 2. c4 c6 3. d4 d6 4. Nc3 Nbd7 5. e4 e5 6. Be2 Be7 7. 0-0 0-0 8. Rb1 a6 9. b4 b5 10. Qc2 Qc7 11. dxe5 Nxe5 12. Nxe5 dxe5 13. Be3 Be6 14. Rfc1 Rfc8 15. Qd1 bxc4 16. Qf1 c5 17. b5 axb5 18. Rxb5 Ne8 19. Rcb1 Nd6 20. Rxc5 Qd8 21. a4 Rxc5 22. Bxc5 Qc8 23. Bb6 Bd8 24. Qd1 Qc6 25. a5 Nb7 26. Nd5 Bxd5 27. exd5 Qd7 28. Bxd8 Rxd8 29. a6 Nd6 30. Qd2 Qa4 31. Rb6 Ne4 32. Qe3 c3 33. Rc6 Qa1+ 34. Bf1 Nd2 35. Qe2 g6 36. d6 Nxf1 37. Qxf1 Qa4 38. Rxc3 Rxd6 39. Rc1 Qxa6 40. Qxa6 Rxa6 41. h4 Kg7 42. g3 Kf6 43. Rc7 h5 44. Kg2 Ke6 45. Kf3 f6 46. Rc4 Ra3+ 47. Ke2 Kf5 48. Rb4 Ra5 49. Kf3 Ra1 50. Rc4 Re1 51. Rc5 Rd1 52. Ke2 Rd4 53. Ke3 Ra4 54. Rc3 Ra6 55. Rc4 Ke6 56. Rc3 Rb6 57. Ra3 Kf5 58. Ra4 Rb3+ 59. Ke2 e4 60. Ra5+ Kg4 61. Ra6 Rf3 62. Re6 Kh3 63. Rxe4 Kg2 64. g4 Rxf2+ 65. Ke1 Kg3 66. gxh5 gxh5 67. Re8 Rf5 68. Rg8+ Kxh4 69. Rg6 Kh3 70. Ke2 h4 71. Ke3 Kh2 72. Ke2 h3 73. Ke3 Kh1 74. Ke2 h2 75. Ke1 Rg5 76. Rxf6 Kg2 0-1

[Event "North Island-ch"]
[Site "Wellington"]
[Date "2021.04.02"]
[Round "2"]
[White "Dharmasena, Gavith"]
[Black "Gong, Daniel Hanwen"]
[Result "1/2-1/2"]
[WhiteElo "1770"]
[BlackElo "2242"]
[PlyCount "74"]
[EventDate "2021.04.02"]
[EventType "swiss"]
[EventRounds "8"]
[EventCountry "NZL"]
[SourceTitle "EXT 2024"]
[Source "ChessBase"]
[SourceDate "2023.10.10"]
[SourceVersion "1"]
[SourceVersionDate "2023.10.10"]
[SourceQuality "1"]

1. e4 c5 2. Nf3 e6 3. d4 cxd4 4. Nxd4 a6 5. Nc3 Qc7 6. a3 Nf6 7. Bg5 b5 8. Qf3 Qe5 9. Bxf6 gxf6 10. Qd3 Bb7 11. Nf3 Qc7 12. g3 Nc6 13. Bg2 Bg7 14. 0-0 0-0 15. Ne2 Ne5 16. Nxe5 fxe5 17. c3 Rfd8 18. f4 d5 19. Qe3 dxe4 20. Bxe4 Bxe4 21. Qxe4 Qb6+ 22. Kg2 f5 23. Qf3 e4 24. Qf2 Qc6 25. Rfd1 Rd3 26. Nd4 Bxd4 27. cxd4 Rc8 28. Rac1 Qxc1 29. Rxc1 Rxc1 30. Qe2 Rxd4 31. Qh5 Rd2+ 32. Kh3 Rc8 33. Qh6 Rc6 34. Qf6 Rdd6 35. Qe7 e3 36. Qe8+ Kg7 37. Qe7+ Kg8 1/2-1/2

[Event "Online Olym Div3 A"]
[Site "Chess.com INT"]
[Date "2020.08.07"]
[Round "3.5"]
[White "Veleshnja, Zino"]
[Black "Gong, Daniel Hanwen"]
[Result "0-1"]
[WhiteElo "2287"]
[BlackElo "2240"]
[PlyCount "86"]
[EventDate "2020.08.07"]
[EventType "team-tourn (rapid)"]
[EventRounds "9"]
[EventCountry "USA"]
[SourceTitle "CBM 198"]
[Source "ChessBase"]
[SourceDate "2020.10.31"]
[SourceVersion "1"]
[SourceVersionDate "2020.10.31"]
[SourceQuality "1"]
[WhiteTeam "Albania"]
[BlackTeam "New Zealand"]
[WhiteTeamCountry "ALB"]
[BlackTeamCountry "NZL"]

1. d4 Nf6 2. c4 g6 3. Nc3 Bg7 4. Nf3 d6 5. Bg5 0-0 6. e3 c5 7. Be2 e6 8. 0-0 b6 9. dxc5 dxc5 10. Qxd8 Rxd8 11. Ne4 Nbd7 12. Rad1 Bb7 13. Nd6 Bc6 14. Nb5 h6 15. Bh4 g5 16. Bg3 Ne4 17. b3 Bxb5 18. cxb5 Nc3 19. Rd2 Nf8 20. Bc4 Rxd2 21. Nxd2 Nxa2 22. Ne4 Rd8 23. Bc7 Rd7 24. Bb8 Nc3 25. Nxc3 Bxc3 26. f4 Bd2 27. Kf2 Ng6 28. fxg5 hxg5 29. Ra1 Ba5 30. h3 Kf8 31. Ke2 Rd8 32. Bxa7 Ne5 33. Rxa5 bxa5 34. Bxc5+ Ke8 35. b6 Nxc4 36. bxc4 Kd7 37. Bd4 Kc6 38. c5 Rd5 39. g3 e5 40. Ba1 Rxc5 41. h4 gxh4 42. gxh4 e4 43. Kd2 Rh5 0-1